Las mujeres de Hispanoamérica: época colonial

Salvato in:
Dettagli Bibliografici
Autore principale: Muriel, Josefina (autora)
Natura: Libro
Lingua:spagnolo
Pubblicazione: Madrid MAPFRE 1992
Serie:Colección Realidades americanas, 8
Soggetti:
Tags: Aggiungi Tag
Nessun Tag, puoi essere il primo ad aggiungerne!!

MARC

LEADER 00000nam a2200000 a 4500
001 UCX7009
003 CL-VaPUC
008 930910e19920000SP |||||||||||||||||spa|d
082 0 4 |a 980.013  |b MUR  |2 21 
100 |a Muriel, Josefina  |e autora  |9 323728 
245 1 4 |a Las mujeres de Hispanoamérica: época colonial 
300 |a 353 p 
942 |c BK 
945 |d 19930910 00:00:00 
260 |a Madrid  |b MAPFRE  |c 1992 
650 7 |a MUJERES HISTORIA SIGLOS 15-17  |2 CL-VaPUC  |9 323729 
651 0 |a América Latina   |9 255027 
583 |a last modification  |c 19930910 00:00:00  |k Rodrigo Vera 
490 0 |a Colección Realidades americanas, 8 
999 |c 226931  |d 226929 
952 |0 0  |1 0  |4 0  |6 980_013000000000000_MUR_1992  |7 0  |8 A  |9 225639  |a BIBHIS  |b BIBHIS  |d 2019-11-15  |i 2942801  |l 1  |o 980.013 MUR 1992  |p 2942801  |r 2025-01-20  |s 2022-09-09  |w 2019-11-15  |y BK  |k HIS